Estatísticas para Cultura Geral

Clique aqui para jogar o quiz

Estatísticas Gerais

  • Esse quiz foi jogado 22 vezes
  • A pontuação média é 8 de 15

Estatísticas das Respostas

HintResposta% Correto
Qual era a profissão de José, o pai de Jesus?Carpinteiro
90%
Qual é a capital do Canadá?Ottawa
90%
De acordo com o Guinness, qual é o livro mais vendido de todos os tempos?Bíblia
80%
Em que rio Jesus foi batizado?Jordão
70%
Que nação insular está localizada a cerca de 50 milhas ao sul da Sicília?Malta
70%
Qual é o maior país que não faz fronteira terrestre com nenhum outro país?Austrália
65%
Que cantor canadiano canta a música Baby?Justin Bieber
60%
Segundo a Bíblia, Jesus nasceu em Belém. Em que cidade ele foi criado?Nazaré
60%
Quem se aposentou da atuação depois de se casar com o príncipe Rainier de Mónaco em 1956?Grace Kelly
40%
Em que país do Caribe o Vodu é praticado?Haiti
40%
Quem alcançou a iluminação sentado sob uma árvore Bodhi?Budha
35%
Que estilista tinha as iniciais YSL?Yves Saint Laurent
25%
O que significa o símbolo ©?Copyright
15%
Qual é a pedra preciosa nacional da Austrália?Opala
10%
Qual província canadense tem a maior população?Ontário
5%

Distribuição das Pontuações

Percentil de Números Respondidos

Porcentagem de Pessoas com Cada Pontuação

Sua Pontuação Histórica

Você não jogou esse quiz